| 000 | 00823nam a2200193 a 4500 | ||
|---|---|---|---|
| 008 | 120416s1984 ||||||||||||||||| || u | ||
| 020 | _a0852745109 | ||
| 050 | _aTK 7868.S9 Wat | ||
| 100 | _aWatson, J | ||
| 245 | 1 | 0 | _aAnalog and switching circuit design: using integrated and discrete devices |
| 260 |
_aBristol _bELSB/Hilger _c1984 |
||
| 300 | _axv,602p. : ill. | ||
| 350 | _a0.00 | ||
| 650 | _aSWITCHING CIRCUITS | ||
| 650 | _aSolid state electronics | ||
| 650 | _aANALOG ELECTRONICS SYSTEMS | ||
| 995 |
_aMAIN LIBRARY OPEN ACCESS _D0.00 _e723005 _FCBU-MAIN LIBRARY (Kitwe) _H2 _I7.50 _jTK 7868.S9 Wat _M1 _UAVAILABLE _y016645 _ZMain Library Open Access Collection |
||
| 995 |
_aANNEX COLLECTION (Main Library) _D0.00 _e723004 _FCBU-MAIN LIBRARY (Kitwe) _H4 _I7.50 _jTK 7868.S9 Wat _UAVAILABLE _y016646 _ZAnnex Low-Usage Collection |
||
| 999 |
_c83912 _d83912 |
||